| 000 | 00691nam a2200217Ia 4500 | ||
|---|---|---|---|
| 001 | 17079 | ||
| 003 | GE_BSU | ||
| 008 | 181216s||||||||xx |||||||||||||| ||und|| | ||
| 040 | _cGE_BSU | ||
| 080 | _a821.161.1-31 | ||
| 100 | _aშოლოხოვი, მ. (1905-1984) | ||
| 245 | _aწყნარი დონი : რომანი 4 წიგნად. წ.1-2 | ||
| 245 | _cთარგმნ.თ.ჯავახიშვილმა | ||
| 260 | _aთბილისი | ||
| 260 | _bსაბჭ. საქართველო | ||
| 260 | _c1964 | ||
| 300 | _a691 გვ.20სმ. | ||
| 653 | _aრომანი | ||
| 653 | _aწყნარი დონი | ||
| 942 | _cBK | ||
| 999 |
_c50141 _d50141 |
||